Pays & Ordre Alphabétique - Statistiques

Statistiques générales
  • Ce quiz a été pris 439 fois
  • Le résultat moyen est 11 sur 24
Statistiques - réponses
Instruction Continent Pays % Correct
Dernier pays de l'ordre alphabétique Afrique Zimbabwe
91%
Premier pays de l'ordre alphabétique Océanie Australie
86%
Premier pays de l'ordre alphabétique Europe Albanie
84%
Premier pays de l'ordre alphabétique Amérique du Sud Argentine
84%
Premier pays de l'ordre alphabétique Amérique du Nord Antigua-et-Barbuda
81%
Premier pays de l'ordre alphabétique Asie Afghanistan
80%
Dernier pays de l'ordre alphabétique Amérique du Sud Venezuela
78%
Premier pays de l'ordre alphabétique Afrique Afrique du Sud
73%
Dernier pays de l'ordre alphabétique Océanie Vanuatu
68%
Dernier pays de l'ordre alphabétique Asie Yémen
68%
Dernier pays de l'ordre alphabétique Europe Vatican
65%
Dernier pays de l'ordre alphabétique Amérique du Nord Trinité-et-Tobago
51%
Possède la dernière capitale de l'ordre alphabétique Europe Croatie (Zagreb)
25%
Possède la dernière capitale de l'ordre alphabétique Amérique du Sud Bolivie (Sucre/La Paz)
23%
Possède la première capitale de l'ordre alphabétique Amérique du Sud Paraguay (Asunción)
21%
Possède la dernière capitale de l'ordre alphabétique Amérique du Nord Etats-Unis (Washington)
17%
Possède la première capitale de l'ordre alphabétique Europe Pays-Bas (Amsterdam)
12%
Possède la première capitale de l'ordre alphabétique Océanie Samoa (Apia)
12%
Possède la première capitale de l'ordre alphabétique Afrique Nigeria (Abuja)
11%
Possède la dernière capitale de l'ordre alphabétique Océanie Nauru (Yaren)
10%
Possède la première capitale de l'ordre alphabétique Asie Emirats Arabes Unis (Abou Dabi)
9%
Possède la première capitale de l'ordre alphabétique Amérique du Nord Saint-Christophe-et-Niévès (Basseterre)
7%
Possède la dernière capitale de l'ordre alphabétique Afrique Cameroun (Yaoundé)
6%
Possède la dernière capitale de l'ordre alphabétique Asie Laos (Vientane)
4%
Aucun quiz correspondant
Distribution des résultats
% des personnes avec chaque résultat
Percentile par nombre de réponses
Votre historique - résultats
Vous n’avez pas pris ce quiz